Normal view MARC view

Entry Personal Name

Number of records used in: 1

001 - CONTROL NUMBER

  • control field: 18411

003 - CONTROL NUMBER IDENTIFIER

  • control field: OSt

005 - DATE AND TIME OF LATEST TRANSACTION

  • control field: 20240703124107.0

008 - FIXED-LENGTH DATA ELEMENTS

  • fixed length control field: 240703|| aca||aabn | a|a d

040 ## - CATALOGING SOURCE

  • Original cataloging agency: OSt
  • Transcribing agency: OSt

100 ## - HEADING--PERSONAL NAME

  • Personal name: Blinder, Alan S

670 ## - SOURCE DATA FOUND

  • Source citation: Work cat.: (OSt)9050: Baumol, William J 15362, Economics :, 1994